The press in India: (Record no. 172952)

MARC details
000 -LEADER
fixed length control field 00557 a2200193 4500
005 - DATE AND TIME OF LATEST TRANSACTION
control field 20200215133311.0
010 ## - LCCN (DPL NO)
LC control number B-165899
020 ## - INTERNATIONAL STANDARD BOOK NUMBER
International Standard Book Number 8123744382
Terms of availability 85.00
035 ## - SYSTEM CONTROL NUMBER
System control number B-165899
037 ## - SOURCE OF ACQUISITION
Source of stock number/acquisition D.B.Act / Pub
082 14 - DEWEY DECIMAL CLASSIFICATION NUMBER
Classification number 070.170954
Item number BHA
100 1# - MAIN ENTRY--PERSONAL NAME
Personal name Bhargawa, G.S.
245 1# - TITLE STATEMENT
Title The press in India:
Remainder of title an overview/
Statement of responsibility, etc by G. S. Bhargava
260 ## - PUBLICATION, DISTRIBUTION, ETC. (IMPRINT)
Place of publication, distribution, etc New Delhi:
Name of publisher, distributor, etc National Book Trust
Date of publication, distribution, etc 2005
270 ## - ADDRESS
Address A-5 Green park,New Delhi-110016
300 ## - PHYSICAL DESCRIPTION
Extent xliii, 217 p.
Dimensions 22 cm. (Pbk.)
500 ## - GENERAL NOTE
General note includes index
942 ## - ADDED ENTRY ELEMENTS (KOHA)
Institution code [OBSOLETE] dpl
Item type English Books
Call number prefix 070.170954 / BHA
Source of classification or shelving scheme Dewey Decimal Classification
Holdings
Withdrawn status Lost status Not for loan Collection code Home library Current library Date acquired Cost, normal purchase price Barcode Cost, replacement price Koha item type
      Non-fiction Sarojini Nagar Sarojini Nagar 15/02/2020 85.00 B-165899 85.00 English Books

© Delhi Public Library
Hit Counter
free hit counter